000 00519nam a2200145Ia 4500
008 100122s9999 xx 000 0 und d
082 _b56956
_a922.945
100 _aताम्हनकर रसिका
245 _aअध्यात्म ज्ञानामृत
260 _bश्रीधर कुटी ट्रस्ट
_c1999
300 _a408
630 _aअध्यात्म ज्ञानामृत
730 _aअध्यात्म ज्ञानामृत
942 _cBOOK
999 _c433288
_d433285